000 00487nam a2200205Ia 4500
001 110181
003 YMCAF
005 20230512162412.0
008 100717s1999 ||||||||||||||||| ||und|d
024 _a110181
035 _aWB1168
040 _aYMCAF
_beng
_cIN-KoLT
041 _aeng
082 _a006.32
_bWAS
100 _aWaszczyszyn, Zenon
245 0 _aNeural networks in the analysis and design of structures
260 _bSpringer
_c1999
300 _a307
942 _2ddc
_cBK
999 _c11770
_d11770